|
|
|
|
| LEADER |
00000nam a2200000 a 4500 |
| 001 |
vtls001485903 |
| 003 |
SK-MaSNL |
| 005 |
20260425044426.0 |
| 008 |
160801s2004 xo a 0 slo |
| 015 |
|
|
|a SNBE2004/04-02232
|
| 035 |
|
|
|a SNK000441196
|
| 040 |
|
|
|a SNK
|b slo
|c SNK
|e AACR2
|
| 044 |
|
|
|a xo
|c SK
|
| 072 |
|
7 |
|a 821.162.4
|2 konspekt
|
| 080 |
|
|
|a 82:929:821.162.4(083.97)
|2 2. slo
|
| 080 |
|
|
|a 929 Novomeský, Ladislav
|2 2. slo
|
| 080 |
|
|
|a 821.162.4
|2 2. slo
|
| 080 |
|
|
|a 929
|2 1981
|
| 080 |
|
|
|a 82
|2 1981
|
| 080 |
|
|
|a 821.162.4
|2 1981
|
| 080 |
|
|
|a (041)
|2 1981
|
| 245 |
1 |
|
|a Spomienka na Ladislava Novomeského
|b literárno-hudobné pásmo pri príležitosti 100. výročia narodenia (27. 12. 2004 - 4. 9. 1976), Zrkadlová sála Divadla Jána Palárika v Trnave 27. októbra 2004
|
| 250 |
|
|
|a [1. vyd.]
|
| 260 |
|
|
|a Trnava
|b Knižnica Juraja Fándlyho
|c 2004
|
| 300 |
|
|
|a [16] s.
|b fotogr.
|c 21 x 10 cm
|
| 504 |
|
|
|a Biogr. údaje. Bibliogr. odkazy
|
| 600 |
1 |
7 |
|a Novomeský, Ladislav,
|d 1904-1976
|2 SNK
|9 75208
|
| 650 |
0 |
7 |
|a slovenskí spisovatelia
|2 SNK
|9 1258
|
| 650 |
0 |
7 |
|a slovenská literatúra
|2 SNK
|9 1115
|
| 655 |
|
7 |
|a programy podujatí
|2 SNK
|9 70446
|
| 655 |
|
7 |
|a brožúry
|2 SNK
|9 70146
|
| 710 |
2 |
|
|a Knižnica Juraja Fándlyho v Trnave
|4 orz
|9 81383
|
| 710 |
0 |
|
|a Divadlo Jána Palárika v Trnave
|4 orz
|9 36350
|
| 999 |
|
|
|c 732551
|d 734481
|
| 952 |
|
|
|t P60, <03>, [BOOK], {603}
|a SNK
|b SNK
|y PREZ
|7 0
|p 17A0451076
|o snkOSC 22815
|i snkKSP 14846/2004
|0 0
|1 0
|4 0
|d 2004-11-23
|l 0
|r 2005-01-02 00:00:00
|w 2026-02-23
|
| 952 |
|
|
|t P60, <04>, [BOOK], {604}
|a SNK
|b SNK
|y VYP
|7 0
|p 17A0451077
|o snkOSC 22815 D1
|i snkKSP 14847/2004
|0 0
|1 0
|4 0
|d 2004-11-23
|l 0
|r 2005-01-02 00:00:00
|w 2026-02-23
|